| 000 | 00546nam a2200193Ia 4500 | ||
|---|---|---|---|
| 999 |
_c35174 _d35174 |
||
| 001 | 1019 | ||
| 003 | GE_BSU | ||
| 005 | 20220504131423.0 | ||
| 008 | 181216s1984||||rus|||||||||||||| ||ru || | ||
| 040 | _cGE_BSU | ||
| 080 | _a398(470) П-81 | ||
| 100 |
_aПропп, В.Я. _913706 |
||
| 245 |
_aРусская сказка / _cВ.Я. Пропп. |
||
| 264 |
_aЛенинград Ж _bИзд-во Ленингр. ун-та, _c1984ю |
||
| 300 |
_a336 л.; _b22 см. |
||
| 541 | _h8л. | ||
| 653 | _aРусская сказка | ||
| 942 |
_cBK _2udc |
||